Science Quiz

Random Science or Chemistry Quiz
Score 0/18 Timer 05:00
0 Plays Today
Vitamin Vitamer Chemical Name % Correct
B1Thiamine
76.1%
B2Riboflavin
76.1%
CAscorbic Acid
71.7%
B3Niacin, nicotinic acid, niacinamide, nicotinamide
69.6%
ARetinol, retinal, retinoids, carotenoids
60.9%
B7 (or Vitamin H)Biotin
50%
B9Folic Acid
50%
B6Pyridoxine, pyridoxal, pyridoxamine
43.5%
ETocopherol, tocotrienol
41.3%
Vitamin Vitamer Chemical Name % Correct
B5Pantothenic Acid
39.1%
B12Cyanocobalamin, methylcobalamin, adenosylcobalamin, hydroxocobalamin
34.8%
D3Cholecalciferol
26.1%
D2Ergocalciferol
17.4%
K1Phylloquinone, phytomenadione, phytonadione
17.4%
K2Menaquinone, menatetrenone
13%
K3Menadione, menaphthone
8.7%
D422-dihydroergocalciferol
6.5%
D5sitocalciferol
6.5%
Come Together.
Have Fun.
All Virtual.
We all need to come together. Play Sporcle's virtual live trivia to have fun, connect with people, and get your trivia on. Join a live hosted trivia game for your favorite pub trivia experience done virtually. If a virtual private party is more your thing, go here for details.

You're not logged in!

Compare scores with friends on all Sporcle quizzes.
OR
Log In

Sporcle TV

Today on Sporcle TV


Watch our educational content, quiz creation guides, and fun videos on Sporcle TV.

Show Comments

Extras

Created Nov 19, 2009ReportNominate
Tags:Chemistry Quiz, Vitamin

Top Quizzes Today


Score Distribution

Paid Content

Your Account Isn't Verified!

In order to create a playlist on Sporcle, you need to verify the email address you used during registration. Go to your Sporcle Settings to finish the process.

Report this User

Report this user for behavior that violates our Community Guidelines.

Details: